Statistics for Most Easy Quiz Ever

Click here to take the quiz!

General Stats

  • This quiz has been taken 130 times
    (36 since last reset)
  • The average score is 8 of 9

Answer Stats

HintAnswer% Correct
how many days in a week7
100%
how many months in a year12
100%
What Year is it2018
92%
years in a century100
88%
is this easyyes
88%
do u likke tacosyes
88%
am i stupidfor sure
88%
years in a decade10
84%
what is my usernameAustin1229
52%

Score Distribution

Percentile by Number Answered

Percent of People with Each Score

Your Score History

You have not taken this quiz since the last reset